[Event "98th YMCA Autumn C"]
[Site "Warszawa"]
[Date "2011.10.11"]
[Round "4"]
[White "Palka, Dominika"]
[Black "Szelejewski, Jan"]
[Result "1/2-1/2"]
[WhiteElo "1793"]
[BlackElo "1826"]
[Annotator "M"]
[PlyCount "55"]
[EventDate "2011.09.20"]
[EventType "tourn"]
[EventRounds "1"]
[EventCountry "POL"]
[SourceDate "2011.09.20"]

1. d4 d5 2. c4 c6 3. cxd5 cxd5 4. Nc3 Nf6 5. Bf4 Nc6 6. e3 a6 7. Rc1 e6 8. Bd3
Be7 9. Nf3 O-O 10. O-O Bd7 11. Bb1 Rc8 12. Ne5 b5 13. Re1 b4 14. Nxd7 Qxd7 15.
Na4 Na5 16. Nc5 Qa7 17. Qa4 Bxc5 18. dxc5 Rxc5 19. Qxb4 Rxc1 20. Rxc1 Nc4 21.
b3 a5 22. Qc3 Nb6 23. h3 Nfd7 24. Qd3 g6 25. Rc7 Qa8 26. Qc3 Rc8 27. Rxc8+ Nxc8
28. e4 $11 1/2-1/2

[Event "98th YMCA Autumn C"]
[Site "Warszawa"]
[Date "2011.10.11"]
[Round "4"]
[White "Sawicki, Wojciech"]
[Black "Szukalski, Antoni"]
[Result "0-1"]
[WhiteElo "1759"]
[BlackElo "1846"]
[PlyCount "56"]
[EventDate "2011.09.20"]
[EventType "tourn"]
[EventRounds "1"]
[EventCountry "POL"]
[SourceDate "2011.09.20"]

1. e4 e5 2. Nf3 Nc6 3. Bb5 a6 4. Ba4 Nf6 5. O-O d6 6. c3 Be7 7. Re1 b5 8. Bb3
Na5 9. Bc2 c5 10. d4 Bg4 11. dxe5 dxe5 12. Qxd8+ Rxd8 13. Nxe5 O-O 14. Nxg4
Nxg4 15. Bf4 Bd6 16. Bxd6 Rxd6 17. f3 Ne5 18. b4 cxb4 19. cxb4 Nac4 20. Nc3 Rd2
21. Bb3 Nd3 22. Reb1 Ne3 23. Rf1 Rxg2+ 24. Kh1 Nf2+ 25. Rxf2 Rxf2 26. a4 bxa4
27. Nxa4 Rd8 28. Re1 Rdd2 0-1

[Event "98th YMCA Autumn C"]
[Site "Warszawa"]
[Date "2011.10.12"]
[Round "4"]
[White "Prus, Marek"]
[Black "Wrabel, Antoni"]
[Result "1/2-1/2"]
[WhiteElo "1782"]
[BlackElo "1717"]
[Annotator "M"]
[PlyCount "29"]
[EventDate "2011.09.20"]
[EventType "tourn"]
[EventRounds "1"]
[EventCountry "POL"]
[SourceDate "2011.09.20"]

1. d4 d5 2. c4 Nf6 3. cxd5 g6 4. Nf3 Bg7 5. Qa4+ c6 6. dxc6 Nxc6 7. e3 O-O 8.
Nc3 Bf5 9. Bd2 Qd7 10. Bb5 Ne4 11. O-O Rfc8 12. Nxe4 Bxe4 13. Be2 Rc7 14. b3
Rac8 15. Rac1 $11 1/2-1/2

[Event "98th YMCA Autumn C"]
[Site "Warszawa"]
[Date "2011.10.26"]
[Round "5"]
[White "Wrabel, Antoni"]
[Black "Worobiej, Daniel"]
[Result "1/2-1/2"]
[WhiteElo "1717"]
[BlackElo "1800"]
[Annotator "M"]
[PlyCount "35"]
[EventDate "2011.09.20"]
[EventType "tourn"]
[EventRounds "1"]
[EventCountry "POL"]
[SourceDate "2011.09.20"]

1. e4 c5 2. Nf3 g6 3. d4 cxd4 4. Nxd4 Bg7 5. c4 Nc6 6. Nc2 Nf6 7. Nc3 d6 8. Be2
Nd7 9. O-O Nc5 10. f3 O-O 11. Be3 Be6 12. Qd2 a5 13. b3 Nb4 14. Nd4 Bd7 15.
Rab1 Nc6 16. Nc2 f5 17. Rbd1 b6 18. exf5 $11 1/2-1/2

[Event "98th YMCA Autumn C"]
[Site "Warszawa"]
[Date "2011.10.20"]
[Round "5"]
[White "Szukalski, Antoni"]
[Black "Prus, Marek"]
[Result "1-0"]
[WhiteElo "1846"]
[BlackElo "1782"]
[PlyCount "67"]
[EventDate "2011.09.20"]
[EventType "tourn"]
[EventRounds "1"]
[EventCountry "POL"]
[SourceDate "2011.09.20"]

1. d4 d5 2. Nf3 Nf6 3. Bf4 Nbd7 4. e3 e6 5. c4 Be7 6. Nc3 O-O 7. Bd3 c6 8. c5
b5 9. b4 a5 10. a3 a4 11. Qc2 h6 12. h3 Nh5 13. Bh2 f5 14. O-O-O Nhf6 15. Ne5
Nxe5 16. Bxe5 Bd7 17. Rdg1 Be8 18. g4 Nd7 19. gxf5 Nxe5 20. dxe5 exf5 21. Bxf5
d4 22. Rd1 Bh5 23. Rxd4 Qb8 24. f4 Ra7 25. Rg1 Bh4 26. Be6+ Kh8 27. Qd2 g5 28.
Ne4 gxf4 29. exf4 Rg7 30. Rxg7 Kxg7 31. Rd7+ Kh8 32. Qg2 Bg5 33. Nxg5 Qxe5 34.
fxe5 1-0

[Event "98th YMCA Autumn C"]
[Site "Warszawa"]
[Date "2011.10.31"]
[Round "5"]
[White "Szelejewski, Jan"]
[Black "Sawicki, Wojciech"]
[Result "1/2-1/2"]
[WhiteElo "1826"]
[BlackElo "1759"]
[PlyCount "102"]
[EventDate "2011.09.20"]
[EventType "tourn"]
[EventRounds "1"]
[EventCountry "POL"]
[SourceDate "2011.09.20"]

1. e4 e5 2. Nf3 Nc6 3. Bb5 a6 4. Ba4 Nf6 5. O-O Be7 6. Re1 b5 7. Bb3 O-O 8. a4
Bb7 9. d3 d6 10. Nbd2 Na5 11. Ba2 c5 12. Nf1 Qc7 13. Ne3 g6 14. Bd2 Nc6 15. c3
Nd8 16. Ng5 Qd7 17. Nd5 Nxd5 18. Bxd5 Bxd5 19. exd5 f6 20. Ne6 Nxe6 21. dxe6
Qxe6 22. Qf3 d5 23. h4 f5 24. Qg3 Bd6 25. Bf4 exf4 26. Rxe6 fxg3 27. Rxd6 gxf2+
28. Kxf2 Rfd8 29. Rc6 c4 30. Ke3 Re8+ 31. Kd2 cxd3 32. Kxd3 bxa4 33. Rxa4 Re4
34. Raxa6 Rxa6 35. Rxa6 Rxh4 36. b4 Kf7 37. Rd6 Ke7 38. Rxd5 Rg4 39. b5 Rxg2
40. Kc4 Rb2 41. Kc5 f4 42. Kc6 f3 43. Re5+ Kf6 44. Re3 Kf5 45. Rxf3+ Ke4 46.
Rf7 Rc2 47. Rxh7 Rxc3+ 48. Kd6 Rb3 49. Kc6 Rc3+ 50. Kd6 Rb3 51. Kc5 g5 1/2-1/2

[Event "98th YMCA Autumn C"]
[Site "Warszawa"]
[Date "2011.10.25"]
[Round "5"]
[White "Maciejewski, Andrzej"]
[Black "Palka, Dominika"]
[Result "1/2-1/2"]
[WhiteElo "1772"]
[BlackElo "1793"]
[Annotator "M"]
[PlyCount "29"]
[EventDate "2011.09.20"]
[EventType "tourn"]
[EventRounds "1"]
[EventCountry "POL"]
[SourceDate "2011.09.20"]

1. e4 e5 2. Nf3 Nf6 3. Nxe5 d6 4. Nf3 Nxe4 5. Nc3 Nxc3 6. dxc3 Nc6 7. Bd3 Bg4
8. h3 Bh5 9. g4 Bg6 10. Bxg6 hxg6 11. Qe2+ Qe7 12. Qxe7+ Bxe7 13. Be3 O-O-O 14.
O-O-O a6 15. Nd4 $11 1/2-1/2

[Event "98th YMCA Autumn C"]
[Site "Warszawa"]
[Date "2011.10.18"]
[Round "5"]
[White "Kurowski, Andrzej"]
[Black "Krzyzanowski, Antoni"]
[Result "0-1"]
[WhiteElo "1844"]
[BlackElo "1743"]
[PlyCount "76"]
[EventDate "2011.09.20"]
[EventType "tourn"]
[EventRounds "1"]
[EventCountry "POL"]
[SourceDate "2011.09.20"]

1. Nf3 f5 2. g3 Nf6 3. Bg2 d6 4. d4 g6 5. O-O Bg7 6. c4 O-O 7. Nc3 c6 8. Qc2
Qc7 9. e4 Na6 10. a3 e5 11. dxe5 dxe5 12. exf5 gxf5 13. Re1 e4 14. Bf4 Qf7 15.
Ng5 Qg6 16. Rad1 h6 17. Nh3 Re8 18. Bd6 Qf7 19. Nf4 Nc7 20. Bf1 Ne6 21. Nce2 b6
22. b4 Ng5 23. Nd4 Ng4 24. c5 b5 25. Be2 e3 26. f3 Nf2 27. Nxc6 Nxd1 28. Rxd1
a6 29. a4 Bb7 30. Nd4 Bxd4 31. Rxd4 Bxf3 32. h4 Bxe2 33. hxg5 Bc4 34. g6 Qg7
35. Rxc4 bxc4 36. Qxc4+ Kh8 37. Ne6 Qxg6 38. Be5+ Kh7 0-1

[Event "98th YMCA Autumn C"]
[Site "Warszawa"]
[Date "2011.10.13"]
[Round "5"]
[White "Harazinska, Ewa"]
[Black "Chomczyk, Marek"]
[Result "1-0"]
[WhiteElo "1798"]
[BlackElo "1727"]
[PlyCount "75"]
[EventDate "2011.09.20"]
[EventType "tourn"]
[EventRounds "1"]
[EventCountry "POL"]
[SourceDate "2011.09.20"]

1. d4 d5 2. c4 e6 3. Nc3 Nf6 4. cxd5 exd5 5. Bg5 Be7 6. Qc2 h6 7. Bh4 O-O 8. e3
c6 9. Bd3 Ne8 10. Bxe7 Qxe7 11. Nge2 Nd6 12. O-O Nd7 13. Ng3 Nf6 14. Rae1 Nd7
15. f3 b6 16. e4 dxe4 17. fxe4 Ne8 18. Nf5 Qd8 19. e5 Nb8 20. Qf2 Nc7 21. Re4
Qg5 22. Rh4 Bxf5 23. Bxf5 Nd5 24. Nxd5 cxd5 25. Rg4 Qe7 26. Qf4 g5 27. Qd2 Kh8
28. h4 Rg8 29. Rf3 Nc6 30. Rh3 Qb4 31. Qxb4 Nxb4 32. hxg5 Nxa2 33. Rxh6+ Kg7
34. Rh7+ Kf8 35. g6 fxg6 36. Bxg6 Rg7 37. Rf4+ Kg8 38. Bf7+ 1-0

[Event "98th YMCA Autumn C"]
[Site "Warszawa"]
[Date "2011.10.18"]
[Round "5"]
[White "Koziol, Pawel"]
[Black "Kwiek, Janusz"]
[Result "1-0"]
[WhiteElo "1809"]
[BlackElo "1750"]
[PlyCount "111"]
[EventDate "2011.09.20"]
[EventType "tourn"]
[EventRounds "1"]
[EventCountry "POL"]
[SourceDate "2011.09.20"]

1. e4 c5 2. Nf3 Nc6 3. d4 cxd4 4. Nxd4 g6 5. Be3 Bg7 6. Nc3 Nf6 7. f3 O-O 8.
Qd2 d5 9. Nxc6 bxc6 10. O-O-O Qa5 11. Kb1 Be6 12. Nxd5 Qd8 13. Nxf6+ Bxf6 14.
Qxd8 Rfxd8 15. Be2 Rdb8 16. Bd4 Bg5 17. g3 f6 18. f4 Bh6 19. Bf3 Rc8 20. Bc5
Bf8 21. Rhe1 Bf7 22. Rd7 Be6 23. Rb7 Kf7 24. f5 Bc4 25. b3 Ba6 26. Rxa7 Rxa7
27. Bxa7 c5 28. Bb6 c4 29. Bd4 cxb3 30. axb3 Bh6 31. Rd1 Bb7 32. fxg6+ hxg6 33.
Kb2 f5 34. Rf1 Ba6 35. c4 e6 36. exf5 gxf5 37. Ra1 Bxc4 38. Ra7+ Kg8 39. bxc4
Rxc4 40. Bc3 Rc5 41. Re7 Bc1+ 42. Kc2 Be3 43. Rxe6 Bg1 44. h3 Bf2 45. g4 fxg4
46. hxg4 Bh4 47. Kd3 Kf7 48. Rc6 Rb5 49. Be4 Rb1 50. Bf5 Rf1 51. Rc7+ Ke8 52.
Ke4 Bg3 53. Rh7 Rc1 54. Bf6 Re1+ 55. Kf3 Bd6 56. Bg6+ 1-0

[Event "98th YMCA Autumn C"]
[Site "Warszawa"]
[Date "2011.10.25"]
[Round "6"]
[White "Worobiej, Daniel"]
[Black "Kwiek, Janusz"]
[Result "1-0"]
[WhiteElo "1800"]
[BlackElo "1750"]
[PlyCount "59"]
[EventDate "2011.09.20"]
[EventType "tourn"]
[EventRounds "1"]
[EventCountry "POL"]
[SourceDate "2011.09.20"]

1. e4 c5 2. Nc3 Nc6 3. f4 e6 4. Nf3 d5 5. d3 d4 6. Nb1 Nf6 7. Be2 Be7 8. O-O
O-O 9. Nbd2 Bd7 10. a3 b5 11. Qe1 a5 12. h3 Qc7 13. Nh2 e5 14. f5 Rfb8 15. g4
h6 16. h4 Nh7 17. Ndf3 Qd8 18. Qg3 f6 19. Kh1 Kh8 20. Rg1 Be8 21. g5 hxg5 22.
Kg2 gxh4 23. Nxh4 Bf7 24. Kf2 Ng5 25. Ng6+ Kg8 26. Bxg5 fxg5 27. Qh3 Be8 28.
Qh8+ Kf7 29. Bh5 Kf6 30. Ng4+ 1-0

[Event "98th YMCA Autumn C"]
[Site "Warszawa"]
[Date "2011.10.27"]
[Round "6"]
[White "Chomczyk, Marek"]
[Black "Koziol, Pawel"]
[Result "0-1"]
[WhiteElo "1727"]
[BlackElo "1809"]
[PlyCount "66"]
[EventDate "2011.09.20"]
[EventType "tourn"]
[EventRounds "1"]
[EventCountry "POL"]
[SourceDate "2011.09.20"]

1. e4 d5 2. exd5 Qxd5 3. Nc3 Qd6 4. d4 Nf6 5. Be2 Nc6 6. Nf3 Bg4 7. Be3 a6 8.
Qd2 O-O-O 9. Rd1 e6 10. Ng5 Qd7 11. Nce4 Bxe2 12. Qxe2 h6 13. Nxf6 gxf6 14. Nf3
Rg8 15. O-O Qd5 16. c4 Qh5 17. Bf4 Qg4 18. g3 Qxf4 19. d5 Ne5 20. Nxe5 Qxe5 21.
Qf3 Bc5 22. Rfe1 Qf5 23. Qxf5 exf5 24. a3 a5 25. Kg2 Rde8 26. Kf3 Kd7 27. Kf4
Rxe1 28. Rxe1 Bxf2 29. Re2 Bd4 30. Kxf5 Rg5+ 31. Kf4 h5 32. Rf2 Be5+ 33. Ke4
Rg4+ 0-1

[Event "98th YMCA Autumn C"]
[Site "Warszawa"]
[Date "2011.10.25"]
[Round "6"]
[White "Krzyzanowski, Antoni"]
[Black "Harazinska, Ewa"]
[Result "0-1"]
[WhiteElo "1743"]
[BlackElo "1798"]
[Annotator "M"]
[PlyCount "63"]
[EventDate "2011.09.20"]
[EventType "tourn"]
[EventRounds "1"]
[EventCountry "POL"]
[SourceDate "2011.09.20"]

1. e4 c5 2. d4 cxd4 3. c3 dxc3 4. Nxc3 d6 5. Nf3 Nf6 6. Bc4 a6 7. O-O Nc6 8.
Ng5 e6 9. f4 h6 10. Nf3 b5 11. Bb3 Be7 12. Qe2 O-O 13. e5 Nd7 14. Bd2 Qc7 15.
Rfe1 Rd8 16. Rac1 dxe5 17. fxe5 Ndxe5 18. Nxe5 Qxe5 19. Qf3 Qd4+ 20. Be3 Qd7
21. Ne2 Bb7 22. Bb6 Nd4 23. Qg4 Nxe2+ 24. Rxe2 Rdc8 25. Rd1 Qc6 26. Bd4 Bf8 27.
Re3 Kh7 28. Rf1 Qd7 29. Rxe6 fxe6 30. Bxe6 Qe7 31. Qf5+ Kh8 32. Qg6 $138 0-1

[Event "98th YMCA Autumn C"]
[Site "Warszawa"]
[Date "2011.10.20"]
[Round "6"]
[White "Palka, Dominika"]
[Black "Kurowski, Andrzej"]
[Result "1-0"]
[WhiteElo "1793"]
[BlackElo "1844"]
[PlyCount "79"]
[EventDate "2011.09.20"]
[EventType "tourn"]
[EventRounds "1"]
[EventCountry "POL"]
[SourceDate "2011.09.20"]

1. d4 f5 2. Nc3 Nf6 3. Bg5 d5 4. e3 e6 5. Bd3 Be7 6. Nf3 O-O 7. Bf4 c6 8. O-O
Ne4 9. Bxb8 Rxb8 10. Ne5 Bf6 11. f4 Bd7 12. g4 Bxe5 13. dxe5 Qb6 14. Re1 Be8
15. Na4 Qa5 16. c4 b5 17. Bxe4 dxe4 18. Nc5 Bf7 19. Qc2 Rfd8 20. b4 Qa3 21.
Rab1 bxc4 22. Qxc4 a5 23. gxf5 Rxb4 24. Rxb4 Qxb4 25. Qxb4 axb4 26. fxe6 Bg6
27. Rf1 Bf5 28. Rb1 Rb8 29. Rd1 h5 30. Rd6 Rc8 31. Kf2 Ra8 32. Rxc6 Rxa2+ 33.
Kg3 Rc2 34. Rc8+ Kh7 35. e7 Bxc8 36. e8=Q Rxc5 37. Qxh5+ Kg8 38. Qe8+ Kh7 39.
f5 b3 40. Qg6+ 1-0

[Event "98th YMCA Autumn C"]
[Site "Warszawa"]
[Date "2011.09.20"]
[Round "6"]
[White "Sawicki, Wojciech"]
[Black "Maciejewski, Andrzej"]
[Result "1/2-1/2"]
[WhiteElo "1759"]
[BlackElo "1772"]
[Annotator "M"]
[PlyCount "120"]
[EventDate "2011.09.20"]
[EventType "tourn"]
[EventRounds "1"]
[EventCountry "POL"]
[SourceDate "2011.09.20"]

1. e4 c5 2. d4 cxd4 3. c3 dxc3 4. Nxc3 d6 5. Nf3 Nc6 6. Bc4 e6 7. O-O Nf6 8.
Qe2 Be7 9. Rd1 e5 10. Be3 O-O 11. b4 Be6 12. Bxe6 fxe6 13. b5 Na5 14. Rac1 Ng4
15. Bc5 Rc8 16. Bxa7 Qc7 17. Nd5 Qxc1 18. Nxe7+ Kh8 19. Nxc8 Qxc8 20. Rxd6 Qc7
21. Qd1 Rc8 22. g3 Qe7 23. Bb6 Nc4 24. Rd8+ Rxd8 25. Qxd8+ Qxd8 26. Bxd8 Nf6
27. Bc7 Nxe4 28. Bxe5 Nxe5 29. Nxe5 Kg8 30. a3 Nc3 $11 31. Nc4 Nxb5 32. a4 Na7
33. Nd6 b6 34. Kg2 Kf8 35. Kf3 Ke7 36. Ne4 Nc6 37. Kf4 Nd4 38. Ke3 e5 39. Kd3
b5 40. a5 Nc6 41. Kc3 Nxa5 42. Kb4 Nb7 $11 43. Kxb5 Nd6+ 44. Nxd6 Kxd6 45. Kc4
Kc6 46. h4 Kd6 47. Kd3 Kd5 48. f3 h5 49. Ke3 g6 50. Kd3 Kd6 51. Ke4 Ke6 52. g4
Kd6 53. gxh5 gxh5 54. Kf5 Kd5 55. Kg6 e4 56. fxe4+ Kxe4 57. Kxh5 Kf5 58. Kh6
Kf6 59. Kh7 Kf7 60. h5 Kf8 1/2-1/2

[Event "98th YMCA Autumn C"]
[Site "Warszawa"]
[Date "2011.10.18"]
[Round "6"]
[White "Prus, Marek"]
[Black "Szelejewski, Jan"]
[Result "1-0"]
[WhiteElo "1782"]
[BlackElo "1826"]
[Annotator "M"]
[PlyCount "75"]
[EventDate "2011.09.20"]
[EventType "tourn"]
[EventRounds "1"]
[EventCountry "POL"]
[SourceDate "2011.09.20"]

1. e4 c5 2. Nf3 d6 3. d4 cxd4 4. Nxd4 Nf6 5. Nc3 a6 6. Bg5 e6 7. f4 Qb6 8. Nb3
Nbd7 9. Qf3 Qc7 10. O-O-O b5 11. e5 Bb7 12. Qe2 dxe5 13. Bxf6 gxf6 14. Ne4 Bxe4
15. Qxe4 Rc8 16. f5 Nc5 17. Nxc5 Qxc5 18. Bd3 Qc6 19. Qe2 h5 20. Be4 Qc4 21.
Bd3 Qc6 22. Kb1 Be7 23. Be4 Qc4 24. Bd3 Qc6 25. Be4 $11 Qb6 26. Rd3 Rc4 27.
fxe6 Qxe6 28. Rf1 Qg4 29. Bf3 Qg5 30. b3 Rc7 31. Qe4 O-O 32. Bxh5 Qxh5 33. Rg3+
Kh8 34. Rh3 Qxh3 35. gxh3 Rg8 36. Qh4+ Kg7 37. Rg1+ Kf8 38. Qh6+ 1-0

[Event "98th YMCA Autumn C"]
[Site "Warszawa"]
[Date "2011.10.18"]
[Round "6"]
[White "Wrabel, Antoni"]
[Black "Szukalski, Antoni"]
[Result "1/2-1/2"]
[WhiteElo "1717"]
[BlackElo "1846"]
[Annotator "M"]
[PlyCount "59"]
[EventDate "2011.09.20"]
[EventType "tourn"]
[EventRounds "1"]
[EventCountry "POL"]
[SourceDate "2011.09.20"]

1. e4 e5 2. Nf3 Nc6 3. Bb5 a6 4. Ba4 Nf6 5. Qe2 Bc5 6. c3 b5 7. Bb3 d6 8. O-O
O-O 9. h3 Bb6 10. d3 h6 11. Be3 Bxe3 12. Qxe3 Ne7 13. Nbd2 c5 14. a4 Bb7 15.
Rfe1 Qc7 16. Nh2 Ng6 17. g3 Qd7 18. h4 Kh7 19. Bc2 Ng4 20. Nxg4 Qxg4 21. Bd1
Qd7 22. c4 b4 23. h5 Ne7 24. g4 g6 25. Qh3 g5 26. Nf1 Nc6 27. Ne3 Nd4 28. b3
Qe7 29. Nf5 Nxf5 30. exf5 $11 1/2-1/2

[Event "98th YMCA Autumn C"]
[Site "Warszawa"]
[Date "2011.11.17"]
[Round "7"]
[White "Szukalski, Antoni"]
[Black "Worobiej, Daniel"]
[Result "1-0"]
[WhiteElo "1846"]
[BlackElo "1800"]
[Annotator "M"]
[PlyCount "113"]
[EventDate "2011.09.20"]
[EventType "tourn"]
[EventRounds "1"]
[EventCountry "POL"]
[SourceDate "2011.09.20"]

1. d4 Nf6 2. c4 g6 3. Nc3 d5 4. Bf4 Bg7 5. e3 O-O 6. Nf3 c5 7. Be2 Nc6 8. dxc5
Qa5 9. O-O dxc4 10. Bxc4 Qxc5 11. Qb3 Na5 12. Qb5 Qxc4 13. Qxa5 b6 14. Qa3 Nh5
15. Bg3 Nxg3 16. hxg3 Bb7 17. Qxe7 Bxf3 18. gxf3 Bxc3 19. bxc3 Qxc3 20. Kg2 b5
21. Rh1 a5 22. Qh4 Qg7 23. a3 Rfc8 24. Rad1 Rab8 25. Rd4 b4 26. axb4 axb4 27.
Rxb4 Rxb4 $11 28. Qxb4 h6 29. Qb3 Kh7 30. Rd1 Qf6 31. Rd7 Kg7 32. Qd3 h5 33.
Qd4 Qxd4 $11 34. Rxd4 Kf6 35. f4 Ke6 36. Rd2 f6 37. Ra2 Rc7 38. Kf3 Rb7 39.
Ra6+ Ke7 40. Ra5 Ke6 41. Kg2 Rb6 42. Ra7 f5 43. Rg7 Kf6 44. Rd7 Ra6 45. Rd2 Re6
46. Re2 g5 47. fxg5+ Kxg5 48. Kh3 Re4 49. Rd2 h4 50. Rd4 Rxd4 51. exd4 hxg3 52.
Kxg3 f4+ 53. Kh3 Kf5 54. f3 Ke6 55. Kg4 Kd5 56. Kxf4 Kxd4 57. Kf5 1-0

[Event "98th YMCA Autumn C"]
[Site "Warszawa"]
[Date "2011.11.08"]
[Round "7"]
[White "Szelejewski, Jan"]
[Black "Wrabel, Antoni"]
[Result "1/2-1/2"]
[WhiteElo "1826"]
[BlackElo "1717"]
[Annotator "M"]
[PlyCount "36"]
[EventDate "2011.09.20"]
[EventType "tourn"]
[EventRounds "1"]
[EventCountry "POL"]
[SourceDate "2011.09.20"]

1. e4 e5 2. Nf3 Nc6 3. Bb5 a6 4. Ba4 Nge7 5. c3 Ng6 6. d4 exd4 7. cxd4 Bb4+ 8.
Nc3 O-O 9. Bg5 Be7 10. Be3 b5 11. Bb3 Na5 12. Bc2 Nc4 13. b3 Nxe3 14. fxe3 c6
15. O-O d6 16. Qd3 a5 17. Rf2 b4 18. Ne2 Ba6 $11 1/2-1/2

[Event "98th YMCA Autumn C"]
[Site "Warszawa"]
[Date "2011.10.08"]
[Round "7"]
[White "Maciejewski, Andrzej"]
[Black "Prus, Marek"]
[Result "1-0"]
[WhiteElo "1772"]
[BlackElo "1782"]
[PlyCount "99"]
[EventDate "2011.09.20"]
[EventType "tourn"]
[EventRounds "1"]
[EventCountry "POL"]
[SourceDate "2011.09.20"]

1. e4 e5 2. Nf3 Nc6 3. Bb5 Nge7 4. c3 g6 5. O-O Bg7 6. d4 exd4 7. cxd4 d5 8.
exd5 Nxd5 9. Re1+ Be6 10. Bg5 Qd6 11. Qc1 O-O 12. Bxc6 bxc6 13. Bh6 Rfe8 14.
Bxg7 Kxg7 15. Nbd2 Rab8 16. b3 Nb4 17. Qc3 Nd5 18. Qb2 f6 19. Ne4 Qf4 20. Nc5
Bf5 21. Qd2 g5 22. Qxf4 Nxf4 23. Na6 Rbd8 24. Nxc7 Ne2+ 25. Kh1 Re7 26. Rad1
Rxc7 27. Rxe2 c5 28. Rc1 g4 29. Nh4 Bd3 30. Rd2 Rxd4 31. Nf5+ Bxf5 32. Rxd4 Re7
33. Rd5 Bg6 34. Rdxc5 Re2 35. Rc7+ Kh6 36. Kg1 Rxa2 37. h3 gxh3 38. gxh3 Be4
39. R7c4 f5 40. R1c3 Kg5 41. h4+ Kf6 42. Ra4 Rd2 43. Rxa7 Rd1+ 44. Kh2 Rh1+ 45.
Kg3 Rg1+ 46. Kf4 Rg4+ 47. Ke3 Rxh4 48. f3 Rh3 49. Kf4 Rh4+ 50. Kg3 1-0

[Event "98th YMCA Autumn C"]
[Site "Warszawa"]
[Date "2011.11.14"]
[Round "7"]
[White "Harazinska, Ewa"]
[Black "Palka, Dominika"]
[Result "0-1"]
[WhiteElo "1798"]
[BlackElo "1793"]
[PlyCount "74"]
[EventDate "2011.09.20"]
[EventType "tourn"]
[EventRounds "1"]
[EventCountry "POL"]
[SourceDate "2011.09.20"]

1. d4 Nf6 2. c4 g6 3. Nc3 Bg7 4. e4 d6 5. Nf3 O-O 6. Be2 Nbd7 7. O-O e5 8. Be3
Qe7 9. Qc2 exd4 10. Nxd4 Nc5 11. f3 a5 12. Rad1 c6 13. Bf4 Rd8 14. Rfe1 Nh5 15.
Be3 f5 16. Bd3 f4 17. Bf2 Nd7 18. Na4 Rb8 19. Qd2 Ne5 20. Nb6 Qg5 21. Nxc8
Rbxc8 22. Kh1 Qe7 23. Bf1 Kh8 24. b3 g5 25. Nf5 Qe6 26. Bb6 Rd7 27. Qxa5 c5 28.
Qd2 g4 29. Be2 d5 30. Qa5 d4 31. Bxc5 d3 32. Bf1 gxf3 33. Bd4 Nc6 34. Bxg7+
Nxg7 35. Qc3 f2 36. Bxd3 fxe1=Q+ 37. Rxe1 Qe5 0-1

[Event "98th YMCA Autumn C"]
[Site "Warszawa"]
[Date "2011.11.08"]
[Round "7"]
[White "Koziol, Pawel"]
[Black "Krzyzanowski, Antoni"]
[Result "1-0"]
[WhiteElo "1809"]
[BlackElo "1743"]
[PlyCount "55"]
[EventDate "2011.09.20"]
[EventType "tourn"]
[EventRounds "1"]
[EventCountry "POL"]
[SourceDate "2011.09.20"]

1. Nf3 e6 2. g3 f5 3. Bg2 Nf6 4. O-O c5 5. c4 Nc6 6. d4 cxd4 7. Nxd4 Qb6 8. Nb3
Be7 9. Nc3 O-O 10. e4 fxe4 11. Nxe4 a5 12. Be3 Qc7 13. Rc1 e5 14. c5 a4 15.
Nbd2 d6 16. cxd6 Bxd6 17. Nc4 Bb4 18. a3 Be7 19. Nxf6+ gxf6 20. Nb6 Ra5 21.
Nxa4 Rb5 22. Qe2 Qa5 23. Nc3 Nd4 24. Bxd4 Rxb2 25. Qxb2 exd4 26. Qb3+ Kg7 27.
Nd5 Bd6 28. Rxc8 1-0

[Event "98th YMCA Autumn C"]
[Site "Warszawa"]
[Date "2011.11.08"]
[Round "7"]
[White "Kwiek, Janusz"]
[Black "Chomczyk, Marek"]
[Result "0-1"]
[WhiteElo "1750"]
[BlackElo "1727"]
[PlyCount "98"]
[EventDate "2011.09.20"]
[EventType "tourn"]
[EventRounds "1"]
[EventCountry "POL"]
[SourceDate "2011.09.20"]

1. Nf3 Nf6 2. d4 d5 3. c4 e6 4. Nc3 Bb4 5. Bd2 O-O 6. e3 Bxc3 7. Bxc3 Ne4 8.
Bb4 c5 9. dxc5 Nc6 10. Qb3 Nxc5 11. Qa3 Nxb4 12. Qxb4 b6 13. Be2 Bb7 14. O-O
Qf6 15. cxd5 Bxd5 16. Qd4 Qxd4 17. Nxd4 Bb7 18. Rfd1 Rfd8 19. b4 Ne4 20. Rac1
Rac8 21. Bf3 g6 22. h3 Bd5 23. Rxc8 Rxc8 24. Bxe4 Bxe4 25. Nb5 Bd5 26. Nxa7 Ra8
27. Nb5 Rxa2 28. Nc3 Rb2 29. Rb1 Rc2 30. Nxd5 exd5 31. b5 Kf8 32. Kf1 Ke7 33.
Ke1 Kd6 34. g3 h5 35. g4 hxg4 36. hxg4 Rc4 37. f3 Rc2 38. Rb4 g5 39. f4 Rc4 40.
Rxc4 dxc4 41. fxg5 Kc5 42. Kd2 Kxb5 43. e4 Kc5 44. Ke3 b5 45. e5 Kd5 46. Kf4 c3
47. Kf5 c2 48. g6 fxg6+ 49. Kf6 c1=Q 0-1

[Event "98th YMCA Autumn C"]
[Site "Warszawa"]
[Date "2011.11.15"]
[Round "8"]
[White "Worobiej, Daniel"]
[Black "Chomczyk, Marek"]
[Result "0-1"]
[WhiteElo "1800"]
[BlackElo "1727"]
[PlyCount "70"]
[EventDate "2011.09.20"]
[EventType "tourn"]
[EventRounds "1"]
[EventCountry "POL"]
[SourceDate "2011.09.20"]

1. e4 c6 2. d4 d5 3. exd5 cxd5 4. c3 Bf5 5. Bd3 Bxd3 6. Qxd3 e6 7. Nf3 Bd6 8.
O-O Nf6 9. Bg5 a6 10. Nbd2 O-O 11. Ne5 h6 12. Bh4 Be7 13. f4 Nbd7 14. Nxd7 Nxd7
15. Bxe7 Qxe7 16. f5 e5 17. dxe5 Nxe5 18. Qg3 Nd7 19. Nb3 Nf6 20. Rae1 Qd8 21.
Nd4 Qb6 22. Re2 Rae8 23. Rfe1 Re4 24. Qf2 Rfe8 25. Rxe4 dxe4 26. Qc2 Qd6 27. h3
e3 28. Qd3 Qg3 29. Nf3 Qf2+ 30. Kh2 Nh5 31. Qd6 e2 32. f6 gxf6 33. b4 Re3 34.
Qd4 Qg3+ 35. Kh1 Rxf3 0-1

[Event "98th YMCA Autumn C"]
[Site "Warszawa"]
[Date "2011.11.15"]
[Round "8"]
[White "Krzyzanowski, Antoni"]
[Black "Kwiek, Janusz"]
[Result "0-1"]
[WhiteElo "1743"]
[BlackElo "1750"]
[PlyCount "56"]
[EventDate "2011.09.20"]
[EventType "tourn"]
[EventRounds "1"]
[EventCountry "POL"]
[SourceDate "2011.09.20"]

1. e4 c5 2. Nc3 Nc6 3. f4 e6 4. Nf3 d5 5. e5 Nge7 6. d3 Nf5 7. g4 Nfd4 8. h4
Be7 9. h5 Nxf3+ 10. Qxf3 Bh4+ 11. Kd1 Be7 12. Bh3 Nd4 13. Qf2 Qb6 14. b3 Bd7
15. a4 a5 16. Ba3 Qa6 17. Kc1 Rc8 18. f5 Bg5+ 19. Kb2 O-O 20. f6 gxf6 21. exf6
h6 22. Bg2 b5 23. Bxc5 Rxc5 24. Qxd4 Rfc8 25. axb5 Bxb5 26. Nxb5 Rxc2+ 27. Ka3
Qxb5 28. Bf3 Bxf6 0-1

[Event "98th YMCA Autumn C"]
[Site "Warszawa"]
[Date "2011.09.18"]
[Round "8"]
[White "Palka, Dominika"]
[Black "Koziol, Pawel"]
[Result "1-0"]
[WhiteElo "1793"]
[BlackElo "1809"]
[PlyCount "55"]
[EventDate "2011.09.20"]
[EventType "tourn"]
[EventRounds "1"]
[EventCountry "POL"]
[SourceDate "2011.09.20"]

1. d4 Nf6 2. c4 e6 3. Nc3 d5 4. cxd5 exd5 5. Bg5 c6 6. e3 Bd6 7. Bd3 h6 8. Bh4
Nbd7 9. Nf3 O-O 10. O-O Re8 11. Rc1 Nf8 12. Qb3 b6 13. Bxf6 Qxf6 14. e4 Qg6 15.
Nxd5 Bh3 16. Ne3 Bf4 17. e5 Qh5 18. Be4 Be6 19. Qd1 g5 20. g3 Bh3 21. Re1 Rad8
22. gxf4 gxf4 23. Ng2 Bxg2 24. Kxg2 f5 25. Bxc6 Re7 26. Rg1 Rg7+ 27. Kf1 Ng6
28. Ke1 1-0